000 00461nam a2200193 a 4500
001 7360
003 CO-ViMGA
008 141112s2004 ck r 000 u spa d
040 _aCO-ViMGA
_bspa
_cCO-ViMGA
082 0 4 _a923.7 P413g
100 1 _aGarcía González, Enrique
_96607
245 1 0 _aPiaget
250 _a2a
260 _aMexico :
_bTrillas,
_c1996
300 _a122 p
490 _aGrandes educadores, 5
650 1 4 _aPIAGET
_96608
942 _2ddc
_cBK
999 _c19319
_d19319